[Event "120th Taflfelag Reykjavik-B 2020"]
[Site "Reykjavik"]
[Date "2020.09.16"]
[Round "2.8"]
[White "Ptacnikova, Lenka"]
[Black "Briem, Benedikt"]
[Result "1-0"]
[WhiteElo "2117"]
[BlackElo "1951"]
[Annotator "TA"]
[PlyCount "73"]
[EventDate "2020.09.13"]
[EventType "tourn"]
[EventCountry "ISL"]
[SourceTitle "playchess.com"]
[Source "ChessBase"]
[SourceQuality "1"]

{[%evp 9,73,43,61,42,34,36,44,34,36,45,50,33,82,70,77,83,86,79,110,104,106,97,142,80,95,62,58,59,64,43,34,45,90,79,99,106,98,100,101,100,111,78,74,72,76,76,102,67,146,82,137,112,168,156,243,243,727,801,789,696,1304,1318,1261,1245,29972,6299]} 1. c3 d5 2. d4 Nf6 3. Nf3 c5 4. dxc5 Qc7 5. b4 {[#]} a5 $146 ({Predecessor:} 5... e5 6. e3 Be7 7. Nbd2 b6 8. cxb6 Qxc3 9. Bb5+ Kf8 10. Rb1 axb6 11. Bb2 Qxb4 12. Bxe5 {1-0 (26) Flak,P (2120)-Kalata,M (2151) Chojnice 2008}) 6. Bb2 {D02: 1 d4 d5 2 Nf3 sidelines, including 2...Nf6 3 g3 and 2...Nf6 3 Bf4.} b6 7. cxb6 Qxb6 8. a3 {White is slightly better.} Ba6 9. Nbd2 Nbd7 10. Nb3 Bc4 11. Rb1 Bxb3 12. Qxb3 e6 13. e3 Be7 14. Be2 O-O 15. O-O Nc5 16. Qd1 (16. Qc2 $142 Ncd7 17. b5) 16... Nce4 $16 17. Nd4 Rfc8 18. Rc1 Nd6 19. Nb3 Nc4 20. Bxc4 Rxc4 21. Rc2 ({Of course not} 21. bxa5 Qb5 $15) 21... Ne4 22. Nxa5 Rxa5 23. bxa5 Qxa5 24. Qe2 Bf6 25. Rfc1 g6 26. h3 Kg7 27. Ra1 Qa4 28. Qd1 Qc6 (28... Be5 $14) 29. Rcc1 (29. a4 $142) 29... Nc5 (29... Bh4 $142 30. g3 Bg5) 30. Rab1 Na4 {[#]} (30... Qa6 $16 31. Qe2 Qa7) 31. Ba1 $1 $18 Bxc3 (31... Be7 $16 {was called for.} 32. Rb3 h5) 32. Rb4 {Threatens to win with Rxc4.} Rxb4 $2 (32... Bxa1 33. Rcxc4 (33. Rxa1 Nc3 $18) 33... dxc4 34. Qxa4 (34. Qxa1+ c3 $16) 34... Qxa4 35. Rxa4 Bb2 36. Rxc4 Bxa3) 33. axb4 e5 34. Qd3 f6 35. Bxc3 Nb6 36. Qa6 Kh6 {[#]} 37. e4 $1 {Accuracy: White = 75%, Black = 53%.} 1-0

[Event "120th Taflfelag Reykjavik-B 2020"]
[Site "Reykjavik"]
[Date "2020.09.17"]
[Round "2.9"]
[White "Heidarsson, Arnar Milutin"]
[Black "Johannsson, Birkir Isak"]
[Result "1-0"]
[WhiteElo "1965"]
[BlackElo "2146"]
[Annotator "TA"]
[PlyCount "74"]
[EventDate "2020.09.13"]
[EventType "tourn"]
[EventCountry "ISL"]
[SourceTitle "playchess.com"]
[Source "ChessBase"]
[SourceQuality "1"]

{[%evp 11,74,0,0,0,0,0,0,-5,0,0,0,0,0,-19,-21,-18,-13,-14,-10,-7,-5,-10,-10,-24,-23,-23,-23,-23,-27,-29,-31,-33,-29,-28,-30,-25,-22,-23,-8,-16,30,0,56,61,97,100,66,90,89,75,103,32,153,151,510,494,470,-2929,-542,-29999,551,-29999,431,-2383,-391]} 1. Nf3 d5 2. d4 Nf6 3. c4 c6 4. Nc3 e6 5. cxd5 exd5 6. Bf4 Bf5 {outshines the older 6...Bd6.} 7. a3 {D35: Queen's Gambit Declined: Exchange Variation.} Be7 8. e3 O-O 9. h3 {The position is equal.} Nbd7 10. Bd3 Bxd3 11. Qxd3 a5 {[#]} 12. a4 $146 ({Predecessor:} 12. O-O Re8 13. Ne5 Nxe5 14. Bxe5 Nd7 15. Bh2 Nb6 16. b3 Bf6 17. Rac1 Qe7 18. a4 {0-1 (39) Campos,O (1672)-Guimaraes,A (1958) Niteroi 2019}) 12... Ne8 13. O-O Nd6 14. Rfe1 Nf6 15. Nd2 Re8 16. Bh2 Nde4 17. f3 Nxd2 18. Qxd2 Bb4 19. Qd3 Qe7 20. Kh1 Rad8 21. Re2 h6 22. Rae1 Qf8 23. e4 dxe4 24. fxe4 Re6 25. Rd1 Bxc3 26. bxc3 {[%cal Bb2c3,Bc3c4][%mdl 32]} Qe7 (26... Qa3 $11) 27. e5 $1 $14 {[%cal Re5f6]} Nd5 28. c4 Nb4 29. Qb3 Qd7 30. Red2 Rg6 31. Qb1 (31. d5 $16 Rc8 32. Rf1) 31... b5 {[#]} (31... Qe6 $14) 32. d5 $1 $16 {[%cal Rd5c6]} bxc4 $2 (32... cxd5 $16 33. axb5 Qb7) 33. dxc6 $18 Qxc6 {Threatens to win with ...Rxd2.} 34. Rd5 $4 {[%mdl 8192]} (34. Rxd8+ $18 Kh7 35. Qb2) 34... Rd7 (34... Rxd5 $142 35. Rg1 Rd2) 35. Rxd7 {Hoping for Qb2.} Kh7 $4 {[%mdl 8192]} (35... Qxg2# {and all is fine.}) 36. Rd8 $4 {[%mdl 8192]} (36. Bg3 $18 c3 37. Qf5) 36... c3 $4 {[%mdl 8192]} (36... Qxg2# {avoids the disaster.}) 37. Qb2 $4 {[%mdl 8192]} (37. Rg1 $18) 37... c2 $2 {[%mdl 32768] Accuracy: White = 79%, Black = 61%. . Loss on time!?} (37... cxb2 {[%csl Gg6][%cal Rc6g2]} 38. R8d2 {[#]} Qc1 $1 {[%mdl 512]}) 1-0

[Event "120th Taflfelag Reykjavik-B 2020"]
[Site "Reykjavik"]
[Date "2020.09.16"]
[Round "2.10"]
[White "Jonsson, Gauti Pall"]
[Black "Olafsson, Thorvardur"]
[Result "1/2-1/2"]
[WhiteElo "2046"]
[BlackElo "2111"]
[Annotator "TA"]
[PlyCount "110"]
[EventDate "2020.09.13"]
[EventType "tourn"]
[EventCountry "ISL"]
[SourceTitle "playchess.com"]
[Source "ChessBase"]
[SourceQuality "1"]

{[%evp 13,110,19,30,31,23,29,36,25,46,51,70,45,68,12,16,-16,0,-47,-40,-35,-32,-39,-52,-43,-34,-32,-42,-62,-59,-54,-52,-75,-67,-90,-117,-97,-97,-89,-85,-66,-53,-89,-75,-79,-85,-81,0,-265,-256,-330,-339,-312,-339,-336,-334,-330,-333,-316,-118,-116,-115,-112,-105,-117,-114,-114,-114,-131,-86,-86,-86,-105,0,0,0,-135,-137,-145,-129,-148,-152,-227,-119,-124,-106,-134,-81,-102,-56,-116,-100,-130,-112,-115,-100,-101,0,-106,0]} 1. d4 Nf6 2. c4 g6 3. Nc3 d5 4. cxd5 Nxd5 5. e4 Nxc3 6. bxc3 Bg7 7. Qa4+ Bd7 8. Qa3 {D85: Exchange Grünfeld: Unusual White 7th moves and lines with 7 Nf3.} O-O 9. Nf3 Bg4 10. Be2 {White is slightly better.} Nd7 {[%cal Bb8d7,Bd7b6,Bb6d5][%mdl 32]} 11. O-O c5 12. Be3 Qc7 {[#]} 13. e5 $146 (13. Rab1 $14) ({Predecessor:} 13. h3 Bxf3 14. Bxf3 Rfc8 15. Rab1 Nb6 16. Qb3 Rab8 17. Rfd1 cxd4 18. cxd4 Nc4 19. Rdc1 {½-½ (58) Nguyen,T (1873)-Luong,P (2230) Bac Giang 2020}) 13... Nb6 $11 14. Qa5 Rfc8 15. Rab1 Nd5 16. Qxc7 Rxc7 17. Bd2 cxd4 18. cxd4 b6 19. Rbc1 Rac8 20. Rxc7 Rxc7 21. Bd1 Nc3 22. Bxc3 Rxc3 23. h3 Be6 24. Bb3 Bxb3 25. axb3 Rxb3 $17 {[%mdl 4096] Endgame KRB-KRN} 26. Rc1 a5 27. Rc8+ Bf8 28. e6 Rb1+ 29. Kh2 f6 (29... Rb5 $17 {aiming for ...a4.} 30. exf7+ Kxf7 31. Ne5+ Kg7) 30. d5 $2 {[%mdl 8192]} (30. Nd2 $11 {and White stays safe.} Re1 31. d5) 30... Rd1 $19 31. Rb8 Rxd5 32. Rxb6 Rd6 33. Rb5 Ra6 $1 ({Not} 33... Rxe6 34. Rxa5 Re2 35. Kg1 $17) 34. Nd4 a4 35. Rb2 Rd6 $2 (35... Bh6 $19 {is more deadly. Hoping for ...Bf4+.} 36. g3 a3) 36. Rb4 $17 a3 37. Ra4 {[#]} a2 $1 {[%mdl 512] Threatens to win with ...Rxd4!} 38. Nb3 (38. Rxa2 Rxd4) 38... Rxe6 {Strongly threatening ...Re2.} 39. Rxa2 h5 40. Nc5 Rd6 41. Ra8 e5 42. Nb7 Rb6 ({Black should try} 42... Rc6 $17 43. g4 Rc2) 43. Nc5 $1 $11 Rd6 $1 44. Kg3 (44. Nb7 $1 $11 {keeps the balance.} Rc6 45. g4) 44... Kf7 $17 45. Ra7+ Be7 46. Ne4 Rc6 47. f4 {[#]} (47. Kf3 $17 {keeps fighting.}) 47... exf4+ ({Black should play} 47... h4+ $1 $19 {[%mdl 512]} 48. Kf3 (48. Kxh4 exf4) 48... exf4 49. Kxf4 Rc2) 48. Kxf4 Ke6 49. Ra5 Bd6+ ({Better is} 49... g5+ 50. Ke3 f5) 50. Kf3 Rb6 51. Ke2 (51. g4 $15) 51... Be5 52. Ra4 Rb2+ 53. Kf3 Rb3+ 54. Ke2 {Black must now prevent Nc5+.} Rb2+ 55. Kf3 Rb3+ {Accuracy: White = 70%, Black = 75%.} (55... Rb5 $17 56. Ra6+ Ke7 57. Ra7+ Kf8) 1/2-1/2

[Event "120th Taflfelag Reykjavik-B 2020"]
[Site "Reykjavik"]
[Date "2020.09.19"]
[Round "3.8"]
[White "Briem, Benedikt"]
[Black "Heidarsson, Arnar Milutin"]
[Result "1/2-1/2"]
[WhiteElo "1951"]
[BlackElo "1965"]
[Annotator "TA"]
[PlyCount "91"]
[EventDate "2020.09.13"]
[EventType "tourn"]
[EventCountry "ISL"]
[SourceTitle "playchess.com"]
[Source "ChessBase"]
[SourceQuality "1"]

{[%evp 12,91,0,6,2,5,13,0,16,0,0,-29,22,0,0,-61,-61,-61,7,-47,0,-8,-8,-34,-34,-61,-61,-68,-61,-61,-61,-54,-24,-54,-54,-63,-31,-186,0,0,0,0,0,0,0,-50,0,0,0,0,0,0,0,0,0,0,0,0,0,0,0,0,0,0,0,0,0,0,0,0,0,0,0,0,0,0,0,0,0,0,0,0]} 1. d4 Nf6 2. Nf3 e6 3. e3 b6 4. Bd3 Bb7 5. Nbd2 d5 6. O-O Be7 7. b3 O-O {D05: Colle System with ...e6.} 8. Bb2 Ne4 9. Qe2 a5 10. a3 Nd7 {[#]} 11. Ne5 $146 ({Predecessor:} 11. Rfd1 Re8 12. Ne5 Nxe5 13. dxe5 Nxd2 14. Rxd2 Qc8 15. Rad1 Rd8 16. c4 c5 17. cxd5 Bxd5 {½-½ (29) Schnaitmann,H (1997)-Mewes,H (1868) Binz 2016}) 11... c5 (11... Nxe5 $142 12. dxe5 Nc5) 12. Bxe4 dxe4 13. Ndc4 (13. Rfd1 $11) 13... Nxe5 $15 14. dxe5 Qc7 (14... a4 $15) 15. Rfd1 (15. a4 $11) 15... Rad8 16. Rxd8 Rxd8 17. Rd1 Ba6 18. Rxd8+ Qxd8 19. Qd2 Bxc4 20. Qxd8+ Bxd8 21. bxc4 {[%mdl 4096] Endgame KB-KB} g5 22. f4 exf3 23. gxf3 Kg7 24. f4 $2 {[#]} (24. a4 $15) 24... gxf4 $2 ({Black should try} 24... Kg6 $1 $19 25. Kf2 Kf5 26. fxg5 Kg4) 25. exf4 $11 Kg6 {Strongly threatening ...Kf5.} 26. Kg2 Kf5 27. Kf3 a4 28. Bc1 Bh4 {With the idea ...Be1.} (28... f6 $5 {[%cal Rf6e5]} 29. Bb2 fxe5 30. Bxe5 Kg6 $11) 29. Bd2 {The position is equal.} h6 30. Bc3 h5 31. h3 Be7 32. Bb2 Bf8 33. Bc3 Bh6 34. Bd2 Bg7 35. Bc3 $1 Bf8 (35... Bh6 $5 36. Bd2 $8 h4 $11) 36. Bb2 Be7 (36... Bh6 $5 37. Bc1 $8 h4 $11) 37. Ba1 Bh4 38. Bc3 Kg6 39. Ke4 Bg3 40. Kf3 Bh2 41. Bd2 Kf5 42. Be3 {Threatens to win with h4.} h4 43. Bc1 Bg3 {[#] And now ...Be1 would win.} 44. Bd2 $1 Bh2 45. Bc1 Bg3 {White must now prevent ...Be1.} 46. Bd2 $1 {Accuracy: White = 72%, Black = 78%.} 1/2-1/2

[Event "120th Taflfelag Reykjavik-B 2020"]
[Site "Reykjavik"]
[Date "2020.09.19"]
[Round "3.9"]
[White "Mai, Alexander Oliver"]
[Black "Ptacnikova, Lenka"]
[Result "1-0"]
[WhiteElo "2055"]
[BlackElo "2117"]
[Annotator "TA"]
[PlyCount "65"]
[EventDate "2020.09.13"]
[EventType "tourn"]
[EventCountry "ISL"]
[SourceTitle "playchess.com"]
[Source "ChessBase"]
[SourceQuality "1"]

{[%evp 9,65,3,42,22,36,12,33,23,31,22,18,23,39,25,65,32,87,82,158,105,87,98,206,170,254,232,237,220,247,248,260,242,387,370,366,329,471,290,731,706,1515,1124,1114,1091,2385,2325,29966,29959,29995,29996,29996,29991,29993,1990,2001,1001,969,960]} 1. e4 d6 2. d4 Nf6 3. Nc3 e5 4. Nge2 c6 5. g3 Qc7 6. Bg2 {B07: Pirc Defence: Miscellaneous Systems.} Be7 7. O-O O-O 8. a4 {White is slightly better.} a5 9. h3 Na6 10. Be3 Re8 {[#]} 11. g4 $146 ({Predecessor:} 11. Qd2 Be6 12. g4 d5 13. dxe5 Nxe4 14. Nxe4 dxe4 15. Bf4 Rad8 16. Qe3 Bc5 17. Qg3 {½-½ (50) Zakhartsov,V (2249)-Sergienko,S (2402) Voronezh 2012}) 11... Bf8 12. Ng3 g6 (12... d5 $14) 13. f4 $16 Bg7 (13... Nd7 $142) 14. dxe5 ({White should play} 14. g5 Nd7 15. fxe5) 14... dxe5 {[#]} 15. f5 $1 $36 {[%mdl 2048] Keeping Black busy.} Nd7 (15... h6 $16 {is a better defense.}) 16. Qf3 {fxg6 is the strong threat.} (16. fxg6 hxg6 17. Qf3 Ndc5 $11) 16... Ndc5 (16... Kh8 $142 17. Rad1 (17. fxg6 fxg6 18. Qf7 Rf8 $14) 17... b6) 17. Rf2 $18 b6 18. Bf1 Ra7 19. h4 Nb4 20. h5 Ba6 (20... gxf5 $142 21. gxf5 (21. Nxf5 Bxf5 22. Qxf5 Qd7 $16) 21... Qd6) 21. Bxa6 Nbxa6 22. Raf1 Rb7 (22... g5 {might work better.} 23. Bxg5 Bf8) 23. hxg6 hxg6 $2 (23... fxg6 24. f6 Qf7 25. fxg7 Qxf3 26. Rxf3 Kxg7) 24. f6 Bh8 25. Qh1 Bxf6 26. Rxf6 Qc8 27. Qh4 Ne6 28. R1f2 {[%cal Bf1f2,Bf2h2,Bh2d2][%mdl 32]} b5 29. Rh2 {[%csl Gh2][%cal Rh4h8]} Kf8 30. Rf1 Qd8 31. Qh8+ (31. Bh6+ $142 Kg8 {[#]} 32. Bg5 $1 {[%mdl 512]} f6 33. Qh8+ {[%mdl 64] Double Attack} Kf7 34. Rh7+ Ng7 35. Qxg7+ {[%mdl 64] Double Attack} Ke6 36. Rxf6+ Qxf6 37. Qxf6#) 31... Ke7 32. Qf6+ Kd7 33. Rd2+ {[%mdl 64] Skewer. Accuracy: White = 69%, Black = 28%.} 1-0

[Event "120th Taflfelag Reykjavik-B 2020"]
[Site "Reykjavik"]
[Date "2020.09.19"]
[Round "3.10"]
[White "Hardarson, Petur Palmi"]
[Black "Ragnarsson, Johann"]
[Result "1-0"]
[WhiteElo "2061"]
[BlackElo "1952"]
[Annotator "TA"]
[PlyCount "79"]
[EventDate "2020.09.13"]
[EventType "tourn"]
[EventCountry "ISL"]
[SourceTitle "playchess.com"]
[Source "ChessBase"]
[SourceQuality "1"]

{[%evp 13,79,20,26,16,16,11,15,13,13,7,34,20,28,31,29,27,30,31,35,7,6,0,22,26,45,47,90,91,99,92,211,210,214,211,215,247,227,215,215,216,326,233,487,483,480,475,574,526,597,475,447,440,458,464,666,464,997,977,1084,887,1672,1682,12837,12836,12837,12835,5493,1246]} 1. d4 e6 2. c4 f5 3. Nf3 Nf6 4. g3 d5 5. Bg2 Bd6 6. O-O c6 7. Nbd2 O-O 8. Ne1 {8.Ne5 is the modern continuation. A90: Dutch Defence: Miscellaneous and Modern Stonewall (with ...Bd6).} b6 9. cxd5 exd5 10. Nd3 {The position is equal.} Bb7 11. Nf3 Nbd7 12. Bf4 {[#]} Bxf4 $146 ({Predecessor:} 12... Ne4 13. Bxd6 Nxd6 14. Nfe5 Nf7 15. f4 Ndxe5 16. Nxe5 Qe7 17. e3 Nxe5 18. fxe5 g6 {0-1 (39) Sroka,D (1675)-Vogiatzis,D (1979) Grossenseebach 2004}) 13. Nxf4 Qe7 14. a3 Ne4 15. Rc1 a5 16. Nd3 c5 17. Nfe5 c4 18. Nxd7 Qxd7 19. Ne5 Qe8 {[#]} 20. b3 $1 {White now steadily converts the win.} b5 {[#]} 21. a4 $1 cxb3 (21... Rc8 $16) 22. Bxe4 $18 ({Resist} 22. Qxb3 $6 Nd2 $16) 22... fxe4 23. Qxb3 b4 24. Rc7 Rb8 {[#]} 25. Rxb7 $1 {[%mdl 576] Remove Defender, Decoy} Rxb7 26. Qxd5+ {[%mdl 64] Double Attack} Rff7 (26... Rbf7 $142 27. Qxa5 (27. Nxf7 Qxf7 28. Qxa5 e3 $16) 27... Rf6) 27. Rc1 ({Weaker is} 27. Qxa5 Rfc7 $16) 27... Kh8 $2 (27... g6 28. Nxf7 Qxf7 29. Qd8+ (29. Qxe4 b3 $16) 29... Kg7 30. Qxa5 Qe7) 28. Nxf7+ {White is clearly winning.} Rxf7 29. Qxa5 {[%mdl 4096] Endgame KQR-KQR} e3 30. f3 Qb8 31. Rb1 Rb7 32. Rb3 h6 33. Kg2 Qc8 (33... Qf8 $142 34. Rxe3 Qf7 35. Qa8+ Kh7) 34. Qc5 Qe6 (34... Qxc5 $142 35. dxc5 Kg8) 35. Rxb4 Rxb4 36. Qxb4 Qa2 37. Qb5 Qa1 38. Qe8+ Kh7 39. Qe4+ Kh8 40. Qxe3 {Accuracy: White = 80%, Black = 41%.} 1-0

[Event "120th Taflfelag Reykjavik-B 2020"]
[Site "Reykjavik"]
[Date "2020.09.20"]
[Round "4.7"]
[White "Ptacnikova, Lenka"]
[Black "Hardarson, Petur Palmi"]
[Result "1-0"]
[WhiteElo "2117"]
[BlackElo "2061"]
[Annotator "TA"]
[PlyCount "83"]
[EventDate "2020.09.13"]
[EventType "tourn"]
[EventCountry "ISL"]
[SourceTitle "playchess.com"]
[Source "ChessBase"]
[SourceQuality "1"]

{[%evp 17,83,38,71,44,42,33,35,50,55,33,60,48,70,62,77,78,100,101,164,166,167,168,180,177,187,183,182,176,190,174,274,277,299,260,259,274,407,410,421,397,408,414,413,406,411,295,407,404,371,316,460,418,541,279,264,216,218,204,262,193,196,117,120,120,131,128,1242,1111]} 1. Nf3 c5 2. c4 g6 3. d4 cxd4 4. Nxd4 Nf6 5. Nc3 Nc6 6. Nc2 Bg7 7. g3 O-O 8. Bg2 b6 9. O-O Bb7 10. e4 {A38: Symmetrical English vs ...g6: 4 Bg2 Bg7 5 Nf3 Nf6.} d6 11. Bg5 h6 12. Be3 {White is slightly better.} Rc8 {[#]} 13. Rc1 $146 ({Predecessor:} 13. Rb1 a6 14. a4 Ne5 15. b3 b5 16. axb5 axb5 17. Nxb5 Bxe4 18. Bxe4 Nxe4 19. f3 {1-0 (43) Webersberger,J (2369)-Loetscher,R (2284) Germany 2011}) 13... a6 14. b3 e6 15. h3 Qc7 16. Qd2 Kh7 17. Rfd1 Rfd8 {[#]} (17... Rcd8 $16) 18. Na4 $1 $18 Nd7 19. Qxd6 Qxd6 20. Rxd6 b5 21. Rcd1 bxa4 22. Rxd7 {[%mdl 64] [#] Double Attack} axb3 23. axb3 Rxd7 (23... Ba8 $142 24. Rxd8 Rxd8 25. Rxd8 Nxd8) 24. Rxd7 Na5 25. Rxf7 {And now Bd4 would win.} Kg8 26. Re7 Bc6 (26... e5 $142 27. Re6 g5) 27. Rxe6 Kf7 28. Rd6 Nxb3 29. Nb4 $1 {[%csl LRa6,LRc6]} Be8 30. Rxa6 Rxc4 31. Nd5 Nd4 32. Ra7+ Kf8 33. h4 Nc6 (33... Ne6 {keeps fighting.} 34. Re7 Bf7) 34. Rc7 Ne5 35. Bc5+ Kg8 36. Ne7+ Kh7 {intending ...Rc1+.} 37. Bd6 {Threatens to win with Bxe5.} Rd4 38. Bxe5 Bxe5 39. Nc6+ ({Better is} 39. Rb7 $18 Rd7 40. Rxd7 Bxd7 41. f4 Bd4+ 42. Kh2) 39... Bxc7 $16 40. Nxd4 Bb6 41. Ne6 Bd7 $2 {[%mdl 8192]} (41... Bf7 $16) 42. Nf8+ {[%mdl 64] Double Attack. Accuracy: White = 68%, Black = 54%.} 1-0

[Event "120th Taflfelag Reykjavik-B 2020"]
[Site "Reykjavik"]
[Date "2020.09.24"]
[Round "5.7"]
[White "Briem, Benedikt"]
[Black "Olafsson, Thorvardur"]
[Result "1/2-1/2"]
[WhiteElo "1951"]
[BlackElo "2111"]
[Annotator "NA"]
[PlyCount "48"]
[EventDate "2020.09.13"]
[EventType "tourn"]
[EventCountry "ISL"]
[SourceTitle "playchess.com"]
[Source "ChessBase"]
[SourceQuality "1"]
[TimeControl "40/5400+15:1800+30"]

1. Nf3 {[%emt 0:00:00]} Nf6 {[%emt 0:00:00]} 2. d4 {[%emt 0:00:00]} g6 {[%emt 0:00:23]} 3. Nc3 {[%emt 0:00:00]} Bg7 {[%emt 0:01:58]} 4. e4 {[%emt 0:00:00]} d6 {[%emt 0:00:13]} 5. Bf4 {[%emt 0:00:00]} O-O {[%emt 0:03:00]} 6. Qd2 {[%emt 0:00:00]} Bg4 {[%emt 0:09:10]} 7. Be2 {[%emt 0:00:50]} Nbd7 {[%emt 0:05:40]} 8. Bh6 {[%emt 0:00:55]} c5 {[%emt 0:03:20]} 9. Bxg7 {[%emt 0:06:49]} Kxg7 {[%emt 0:03:50]} 10. d5 {[%emt 0:00:26]} a6 {[%emt 0:02:57]} 11. O-O {[%emt 0:03:48]} b5 {[%emt 0:00:34]} 12. Nh4 {[%emt 0:03:31]} Bxe2 {[%emt 0:12:34]} 13. Qxe2 {[%emt 0:00:07]} e5 {[%emt 0:03:25]} 14. g3 {[%emt 0:03:27]} Ng8 {[%emt 0:08:14]} 15. Qg4 {[%emt 0:09:37]} Ndf6 {[%emt 0:04:40]} 16. Qf3 {[%emt 0:01:57]} Qd7 {[%emt 0:01:04]} 17. Kg2 {[%emt 0:04:03]} Qg4 {[%emt 0:01:18]} 18. Qxg4 {[%emt 0:02:11]} Nxg4 {[%emt 0:00:00]} 19. h3 {[%emt 0:00:16]} N4f6 {[%emt 0:00:00]} 20. b3 {[%emt 0:05:28]} Nd7 {[%emt 0:00:26]} 21. a4 {[%emt 0:09:20]} b4 {[%emt 0:00:44]} 22. Nd1 {[%emt 0:03:22]} Ngf6 {[%emt 0:05:44]} 23. Re1 {[%emt 0:01:42]} a5 {[%emt 0:00:42]} 24. c4 {[%emt 0:01:12]} Ng8 {[%emt 0:01:07]} 1/2-1/2

[Event "120th Taflfelag Reykjavik-B 2020"]
[Site "Reykjavik"]
[Date "2020.09.24"]
[Round "5.8"]
[White "Mai, Alexander Oliver"]
[Black "Jonsson, Gauti Pall"]
[Result "0-1"]
[WhiteElo "2055"]
[BlackElo "2046"]
[Annotator "NA"]
[PlyCount "134"]
[EventDate "2020.09.13"]
[EventType "tourn"]
[EventCountry "ISL"]
[SourceTitle "playchess.com"]
[Source "ChessBase"]
[SourceQuality "1"]
[TimeControl "40/5400+15:1800+30"]

1. e4 {[%emt 0:00:00]} Nf6 {[%emt 0:00:00]} 2. e5 {[%emt 0:00:00]} Nd5 {[%emt 0:00:00]} 3. d4 {[%emt 0:00:00]} d6 {[%emt 0:00:07]} 4. Nf3 {[%emt 0:00:00]} dxe5 {[%emt 0:00:44]} 5. Nxe5 {[%emt 0:00:00]} g6 {[%emt 0:00:23]} 6. Be2 {[%emt 0:05:07]} Bg7 {[%emt 0:00:54]} 7. O-O {[%emt 0:00:40]} O-O {[%emt 0:02:17]} 8. c4 {[%emt 0:04:11]} Nb6 {[%emt 0:04:20]} 9. Nc3 {[%emt 0:12:03]} c5 {[%emt 0:02:27]} 10. Be3 {[%emt 0:03:01]} N8d7 {[%emt 0:06:10]} 11. Nxd7 {[%emt 0:06:24]} Nxd7 {[%emt 0:01:24]} 12. dxc5 {[%emt 0:14:44]} Bxc3 {[%emt 0:02:29]} 13. bxc3 {[%emt 0:00:00]} Ne5 {[%emt 0:00:30]} 14. Qd5 {[%emt 0:06:06]} Nc6 {[%emt 0:01:27]} 15. Qxd8 {[%emt 0:12:49]} Rxd8 {[%emt 0:00:16]} 16. Rab1 {[%emt 0:00:00]} Rb8 {[%emt 0:04:45]} 17. Rb2 {[%emt 0:02:07]} Bf5 {[%emt 0:00:47]} 18. f4 {[%emt 0:02:02]} Bd3 {[%emt 0:02:46]} 19. Kf2 {[%emt 0:00:36]} Bxe2 {[%emt 0:05:45]} 20. Kxe2 {[%emt 0:00:00]} Rd7 {[%emt 0:03:10]} 21. Rfb1 {[%emt 0:00:56]} Nd8 {[%emt 0:02:41]} 22. Bd4 {[%emt 0:01:08]} Rc8 {[%emt 0:01:02]} 23. Ke3 {[%emt 0:02:11]} Rc6 {[%emt 0:00:52]} 24. Rb3 {[%emt 0:01:32]} Ra6 {[%emt 0:01:28]} 25. R1b2 {[%emt 0:00:31]} f6 {[%emt 0:02:22]} 26. Kf3 {[%emt 0:01:23]} Ra4 {[%emt 0:01:38]} 27. Rb4 {[%emt 0:00:53]} Rxb4 {[%emt 0:00:09]} 28. Rxb4 {[%emt 0:00:00]} Nc6 {[%emt 0:02:09]} 29. Rb2 {[%emt 0:01:05]} Kf7 {[%emt 0:00:52]} 30. Ke4 {[%emt 0:00:39]} Ke8 {[%emt 0:00:25]} 31. g4 {[%emt 0:01:57]} e5 {[%emt 0:04:54]} 32. fxe5 {[%emt 0:00:51]} fxe5 {[%emt 0:00:00]} 33. Be3 {[%emt 0:01:53]} Na5 {[%emt 0:01:11]} 34. Rb4 {[%emt 0:00:00]} Nc6 {[%emt 0:00:00]} 35. Rb2 {[%emt 0:00:48]} Na5 {[%emt 0:02:00]} 36. Rb4 {[%emt 0:00:00]} Kd8 {[%emt 0:04:51]} 37. Ra4 {[%emt 0:00:51]} Nc6 {[%emt 0:00:00]} 38. Ra3 {[%emt 0:00:14]} Kc7 {[%emt 0:01:29]} 39. Rb3 {[%emt 0:06:32]} Na5 {[%emt 0:00:24]} 40. Rb1 {[%emt 0:00:00]} Nxc4 {[%emt 0:00:00]} 41. Rf1 {[%emt 0:19:01]} Kc6 {[%emt 0:16:52]} 42. Rf6+ {[%emt 0:00:39]} Kb5 {[%emt 0:00:54]} 43. Bf2 {[%emt 0:04:32]} Rd2 {[%emt 0:02:04]} 44. c6 {[%emt 0:06:52]} bxc6 {[%emt 0:01:56]} 45. a4+ {[%emt 0:00:15]} Kxa4 {[%emt 0:00:44]} 46. Rxc6 {[%emt 0:01:31]} Kb3 {[%emt 0:00:35]} 47. Bxa7 {[%emt 0:00:48]} Rxh2 {[%emt 0:00:28]} 48. Bb8 {[%emt 0:01:45]} Re2+ {[%emt 0:02:10]} 49. Kd5 {[%emt 0:01:05]} Rd2+ {[%emt 0:00:14]} 50. Ke4 {[%emt 0:00:27]} Rg2 {[%emt 0:01:07]} 51. Kf3 {[%emt 0:01:30]} Rc2 {[%emt 0:01:08]} 52. Ke4 {[%emt 0:00:47]} Rxc3 {[%emt 0:01:16]} 53. Bxe5 {[%emt 0:01:20]} Re3+ {[%emt 0:00:49]} 54. Kd4 {[%emt 0:00:04]} Nxe5 {[%emt 0:03:39]} 55. Rb6+ {[%emt 0:01:51]} Ka4 {[%emt 0:00:14]} 56. Kxe3 {[%emt 0:01:08]} Nc4+ {[%emt 0:00:06]} 57. Kf4 {[%emt 0:00:06]} Nxb6 {[%emt 0:00:08]} 58. Kg5 {[%emt 0:01:07]} Nd7 {[%emt 0:02:05]} 59. Kh6 {[%emt 0:00:19]} Kb5 {[%emt 0:00:43]} 60. Kxh7 {[%emt 0:00:50]} Ne5 {[%emt 0:00:05]} 61. Kg7 {[%emt 0:00:42]} Kc5 {[%emt 0:00:09]} 62. Kf6 {[%emt 0:00:10]} Kd5 {[%emt 0:00:18]} 63. g5 {[%emt 0:00:54]} Kd6 {[%emt 0:00:24]} 64. Kg7 {[%emt 0:00:09]} Ke6 {[%emt 0:00:04]} 65. Kh7 {[%emt 0:00:22]} Kf5 {[%emt 0:00:23]} 66. Kh6 {[%emt 0:00:08]} Ng4+ {[%emt 0:00:08]} 67. Kg7 {[%emt 0:00:05]} Kxg5 {[%emt 0:00:07]} 0-1